000 00949nam a22003137a 4500
003 CHAP
005 20220329143602.0
008 100723s1995 us r 00010 eng d
010 _a98869
011 _a99841
020 _a0471042226
035 _a110527
040 _cCHAP
082 0 4 _a515.43
_bB28
100 1 _aBartle, Robert Gardner
_910624
245 1 4 _aThe elements of integration and Lebesgue measure
_c/by Robert G. Bartle
260 _aNew York :
_bWiley,
_c1995
300 _ax, 179 p.
590 _aBATCH-UPD
_b10
_c20130110
_lUCH01
_h1757
590 _aBATCH-UPD
_b10
_c20130410
_lUCH01
_h1134
590 _aBATCH-UPD
_b10
_c20130914
_lUCH01
_h0547
590 _aCONVERSION
_b10
_c20130109
_lUCH01
_h1355
650 1 4 _aCálculo integral.
_923995
650 1 4 _aMedición, teoría de la.
_973924
901 _aBK
911 _aen proceso
942 _cLIBRO
949 _a515.43 B28
_bBC
_cLIBRO
_d33724002200040
_eLIBRO
_h112956
_i110527
_sb
999 _c98869
_d98869